University in transition: an Indian case study (Record no. 341210)

000 -LEADER
fixed length control field 00371cam a22001217a 4500
008 - FIXED-LENGTH DATA ELEMENTS--GENERAL INFORMATION
fixed length control field 180718b1972 xxu||||| |||| 00| 0 eng d
082 ## - DEWEY DECIMAL CLASSIFICATION NUMBER
Classification number P5x5442 Al79
100 ## - MAIN ENTRY--PERSONAL NAME
Personal name Altbach, Philip G.
245 ## - TITLE STATEMENT
Title University in transition: an Indian case study
Statement of responsibility, etc. by Philip G. Altbach
260 ## - PUBLICATION, DISTRIBUTION, ETC.
Place of publication, distribution, etc. Bombay
Name of publisher, distributor, etc. Sindhu
Date of publication, distribution, etc. 1972
300 ## - PHYSICAL DESCRIPTION
Extent 136p.
650 ## - SUBJECT ADDED ENTRY--TOPICAL TERM
Topical term or geographic name entry element University of Bombay --Administration
Holdings
Withdrawn status Lost status Damaged status Not for loan Permanent Location Current Location Date acquired Full call number Barcode Date last seen Price effective from Koha item type
        Indian Institute of Public Administration Indian Institute of Public Administration 1993-09-16 P5x5442 Al79 47210 2018-07-21 2018-07-21 Book

Powered by Koha